| 000 -LEADER |
| fixed length control field |
00570cam a22001697i 4500 |
| 003 - CONTROL NUMBER IDENTIFIER |
| control field |
OSt |
| 005 - DATE AND TIME OF LATEST TRANSACTION |
| control field |
20240713093754.0 |
| 008 - FIXED-LENGTH DATA ELEMENTS--GENERAL INFORMATION |
| fixed length control field |
151002s2016 nyua b 000 0 eng |
| 020 ## - INTERNATIONAL STANDARD BOOK NUMBER |
| International Standard Book Number |
9780500292358 |
| Qualifying information |
(pbk.) |
| 082 ## - DEWEY DECIMAL CLASSIFICATION NUMBER |
| Classification number |
724 |
| 245 10 - TITLE STATEMENT |
| Title |
RETHINKING THE MODULAR : |
| Remainder of title |
Adaptable Systems in Architecture and Design / |
| Statement of responsibility, etc |
Burkhard Meltzer [editor], Tido von Oppeln [editor]. |
| 300 ## - PHYSICAL DESCRIPTION |
| Extent |
297 pages : |
| Other physical details |
color illustrations ; |
| Dimensions |
24 cm |
| 504 ## - BIBLIOGRAPHY, ETC. NOTE |
| Bibliography, etc |
Includes bibliographic references. |
| 700 1# - ADDED ENTRY--PERSONAL NAME |
| Personal name |
Meltzer, Burkhard, |
| Relator term |
editor. |
| 700 1# - ADDED ENTRY--PERSONAL NAME |
| Personal name |
Oppeln, Tido von, |
| Relator term |
editor. |
| 942 ## - ADDED ENTRY ELEMENTS (KOHA) |
| Source of classification or shelving scheme |
|